Managing geographic information system projects / (Registro nro. 1063)

Detalles MARC
000 -CABECERA
Campo de control 01359cam a2200301 a 4500
005 - FECHA Y HORA DE LA ULTIMA TRANSACCION
Campo de control 20160112040920.0
008 - ELEMENTOS DE LONGITUD FIJA—INFORMACION GENERAL
Campo de control 931104s1995 nyua b 001 0 eng
020 ## - ISBN
ISBN 0195078691 (acidfree paper)
040 ## - FUENTE DE CATALOGACIÓN
Agencia catalogadora original DLC
Agencia transcriptora DLC
Agencia Modificadora CO-BoIAVH
041 ## - IDIOMA
Código de idioma para texto/pista de sonido o título separado Inglés
082 00 - NUMERO DE CLASIFICACION DECIMAL DEWEY
Número de clasificación 910.285
Número del ítem H98h
100 1# - ASIENTO PRINCIPAL--NOMBRE PERSONAL
Nombre personal Huxhold, William E.
9 (RLIN) 10583
245 10 - MENCION DE TITULO
Título Managing geographic information system projects /
Mención de responsabilidad William E. Huxhold, Allan G. Levinsohn.
260 ## - PUBLICACION, DISTRIBUCION, ETC. (PIE DE IMPRENTA)
Lugar de publicación, distribución, etc. New York :
Nombre del editor, distribuidor, etc. Oxford University Press,
Fecha de publicación, distribución, etc. 1995.
300 ## - DESCRIPCION FISICA
Extensión xix, 247 paginas. :
Otros detalles físicos ilustraciones. ;
Dimensiones 25 x 16 cm.
504 ## - NOTA DE BIBLIOGRAFIA, ETC.
Nota de bibliografía Includes bibliographical references and index.
650 #0 - ASIENTO SECUNDARIO DE MATERIA - TERMINO TEMATICO
Término temático o nombre geográfico como elemento de entrada Geographic information systems.
9 (RLIN) 1199
650 #0 - ASIENTO SECUNDARIO DE MATERIA - TERMINO TEMATICO
Término temático o nombre geográfico como elemento de entrada administración
9 (RLIN) 49360
650 #0 - ASIENTO SECUNDARIO DE MATERIA - TERMINO TEMATICO
Término temático o nombre geográfico como elemento de entrada Planeamiento
9 (RLIN) 49361
650 #0 - ASIENTO SECUNDARIO DE MATERIA - TERMINO TEMATICO
Término temático o nombre geográfico como elemento de entrada Sistema de información geográfica
9 (RLIN) 49333
700 1# - ASIENTO SECUNDARIO - NOMBRE PERSONAL
Nombre personal Levinsohn, A. G.
9 (RLIN) 49362
856 42 - LOCALIZACION Y ACCESO ELECTRONICOS
Especificación de los materiales Publisher description
Identificador Uniforme del Recurso http://www.loc.gov/catdir/enhancements/fy0603/93043905-d.html
856 41 - LOCALIZACION Y ACCESO ELECTRONICOS
Especificación de los materiales Table of contents only
Identificador Uniforme del Recurso http://www.loc.gov/catdir/enhancements/fy0603/93043905-t.html
856 42 - LOCALIZACION Y ACCESO ELECTRONICOS
Especificación de los materiales Contributor biographical information
Identificador Uniforme del Recurso http://www.loc.gov/catdir/enhancements/fy0723/93043905-b.html
906 ## - LOCAL DATA ELEMENT F, LDF (RLIN)
a 7
b cbc
c orignew
d 1
e ocip
f 19
g y-gencatlg
942 ## - ELEMENTOS ADICIONALES (KOHA)
Sistema de clasificación Dewey Decimal Classification
Tipo de ítem Libro
Existencias
Withdrawn status Lost status Sistema de Clasificación Damaged status No para préstamo Colección Inventariado Ubicación Permanente Ubicación actual Fecha de adquisición Fuente de Valor Valor Total Checkouts Número topográfico Inventario / Código de Barras Date last seen Ejemplar Price effective from Forma de adquisición Tipo de material
    Dewey Decimal Classification     General Inventariado 2017 Bogotá Bogotá 14/01/1999 Instituto 39000.00   LB-910.285 H98h 005032 04/12/2012 Ej. 1 04/12/2012 Compra Libro